UBT Library

The Principles and practice of ultrasonography in obstetrics and gynecology / (Record no. 43922)

000 -LEADER
fixed length control field 00675cam a2200229 a 4500
001 - CONTROL NUMBER
control field 3786710
005 - DATE AND TIME OF LATEST TRANSACTION
control field 20180302033610.0
008 - FIXED-LENGTH DATA ELEMENTS--GENERAL INFORMATION
fixed length control field 840530s1985 ctua b 001 0 eng c
010 ## - LIBRARY OF CONGRESS CONTROL NUMBER
LC control number 84012410
020 ## - INTERNATIONAL STANDARD BOOK NUMBER
International Standard Book Number 0838579566 :
Terms of availability $60.00
040 ## - CATALOGING SOURCE
Original cataloging agency DNLM/DLC
Transcribing agency DLC
Modifying agency DLC
041 ## - LANGUAGE CODE
Language code of text/sound track or separate title eng
060 ## - NATIONAL LIBRARY OF MEDICINE CALL NUMBER
Classification number WQ 240 U47
080 ## - UNIVERSAL DECIMAL CLASSIFICATION NUMBER
Universal Decimal Classification number 618 SAN
082 00 - DEWEY DECIMAL CLASSIFICATION NUMBER
Classification number 618 SAN
Edition number 19
100 ## - Rafti
Rafti 10
101 ## - Shkurtesa
Shkurtesa GJIN
245 04 - TITLE STATEMENT
Title The Principles and practice of ultrasonography in obstetrics and gynecology /
Statement of responsibility, etc edited by Roger C. Sanders, A. Everette James, Jr.
504 ## - BIBLIOGRAPHY, ETC. NOTE
Bibliography, etc Includes bibliographies and index.
906 ## - LOCAL DATA ELEMENT F, LDF (RLIN)
a 7
b cbc
c orignew
d 1
e ocip
f 19
g y-gencatlg
942 ## - ADDED ENTRY ELEMENTS (KOHA)
Source of classification or shelving scheme
Item type Books
Holdings
Withdrawn status Lost status Source of classification or shelving scheme Damaged status Not for loan Collection code Permanent location Current location Shelving location Date acquired Total Checkouts Full call number Barcode Date last seen Price effective from Koha item type
          Koleksioni i përgjithshem UBT - Lipjan UBT - Lipjan Koleksioni i përgjithshem 03/02/2018   618 SAN 002-3000506 03/02/2018 03/02/2018 Books
UBT Library © 2015-2024. All rights reserved University Education for Business and Technology